[Event "DEM U14w 2023"]
[Site "Willingen GER"]
[Date "2023.05.28"]
[Round "2"]
[White "Müller, Riyanna"]
[Black "Richter, Johanna"]
[Result "1-0"]
[Termination "normal"]
[Board "1"]
[WhiteElo "1687"]
[BlackElo "1431"]
[WhiteClock "01:04:25"]
[BlackClock "00:41:24"]
[PlyCount "45"]
[WhiteFideId "16287401"]
[BlackFideId "16278925"]
[EventCountry "GER"]
[EventRounds "9"]
[EventType "swiss"]
[EventDate "2023.05.27"]

1. e4 {[%clk 01:30:57]} {[%emt 00:00:03]} c5 {[%clk 01:30:55]} {[%emt
00:00:06]} 2. Nc3 {[%clk 01:31:21]} {[%emt 00:00:05]} Nc6 {[%clk 01:31:18]}
{[%emt 00:00:07]} 3. Bb5 {[%clk 01:31:46]} {[%emt 00:00:05]} Nd4 {[%clk
01:31:43]} {[%emt 00:00:06]} 4. Bc4 {[%clk 01:31:49]} {[%emt 00:00:26]} g6
{[%clk 01:31:39]} {[%emt 00:00:34]} 5. Nge2 {[%clk 01:31:04]} {[%emt 00:01:15]}
Nxe2 {[%clk 01:29:34]} {[%emt 00:02:36]} 6. Qxe2 {[%clk 01:27:19]} {[%emt
00:04:15]} Bg7 {[%clk 01:27:30]} {[%emt 00:02:33]} 7. O-O {[%clk 01:27:23]}
{[%emt 00:00:26]} e6 {[%clk 01:26:27]} {[%emt 00:01:34]} 8. f4 {[%clk
01:26:46]} {[%emt 00:01:07]} Ne7 {[%clk 01:26:06]} {[%emt 00:00:51]} 9. f5
{[%clk 01:24:36]} {[%emt 00:02:39]} exf5 {[%clk 01:25:09]} {[%emt 00:01:28]}
10. exf5 {[%clk 01:24:14]} {[%emt 00:00:51]} Bd4+ {[%clk 01:25:25]} {[%emt
00:00:15]} 11. Kh1 {[%clk 01:24:06]} {[%emt 00:00:37]} O-O {[%clk 01:25:29]}
{[%emt 00:00:26]} 12. fxg6 {[%clk 01:23:49]} {[%emt 00:00:47]} Nxg6 {[%clk
01:25:16]} {[%emt 00:00:43]} 13. d3 {[%clk 01:19:04]} {[%emt 00:05:14]} Bg7
{[%clk 01:24:07]} {[%emt 00:01:40]} 14. Qf2 {[%clk 01:16:25]} {[%emt 00:02:47]}
Qe7 {[%clk 01:19:53]} {[%emt 00:05:06]} 15. Ne4 {[%clk 01:10:59]} {[%emt
00:05:56]} d6 {[%clk 01:15:49]} {[%emt 00:04:35]} 16. Bg5 {[%clk 01:10:13]}
{[%emt 00:01:16]} Qc7 {[%clk 01:14:07]} {[%emt 00:01:14]} 17. Nf6+ {[%clk
01:06:24]} {[%emt 00:05:16]} Kh8 {[%clk 01:12:31]} {[%emt 00:02:07]} 18. Qf3
{[%clk 01:06:04]} {[%emt 00:00:49]} h6 {[%clk 01:05:59]} {[%emt 00:07:02]} 19.
Qh5 {[%clk 01:05:26]} {[%emt 00:01:08]} Be6 {[%clk 00:42:32]} {[%emt 00:23:57]}
20. Bxh6 {[%clk 01:04:56]} {[%emt 00:01:00]} Bxf6 {[%clk 00:42:21]} {[%emt
00:00:42]} 21. Bg5+ {[%clk 01:03:52]} {[%emt 00:01:34]} Kg8 {[%clk 00:42:13]}
{[%emt 00:00:37]} 22. Bxf6 {[%clk 01:04:08]} {[%emt 00:00:14]} Bxc4 {[%clk
00:41:24]} {[%emt 00:01:19]} 23. Qh6 {[%clk 01:04:25]} {[%emt 00:00:13]} 1-0

[Event "DEM U14w 2023"]
[Site "Willingen GER"]
[Date "2023.05.28"]
[Round "2"]
[White "Bauer, Laura Sophie"]
[Black "Haug, Mara"]
[Result "0-1"]
[Termination "normal"]
[Board "2"]
[WhiteElo "1627"]
[BlackElo "1754"]
[WhiteClock "00:27:19"]
[BlackClock "00:29:15"]
[PlyCount "98"]
[WhiteFideId "16253647"]
[BlackFideId "16259300"]
[EventCountry "GER"]
[EventRounds "9"]
[EventType "swiss"]
[EventDate "2023.05.27"]

1. e4 {[%clk 01:30:58]} {[%emt 00:00:02]} c5 {[%clk 01:30:56]} {[%emt
00:00:05]} 2. Nf3 {[%clk 01:31:21]} {[%emt 00:00:06]} Nc6 {[%clk 01:31:22]}
{[%emt 00:00:04]} 3. d4 {[%clk 01:31:44]} {[%emt 00:00:08]} cxd4 {[%clk
01:31:45]} {[%emt 00:00:07]} 4. Nxd4 {[%clk 01:32:06]} {[%emt 00:00:07]} g6
{[%clk 01:32:09]} {[%emt 00:00:06]} 5. c4 {[%clk 01:32:28]} {[%emt 00:00:08]}
Bg7 {[%clk 01:32:34]} {[%emt 00:00:05]} 6. Be3 {[%clk 01:32:49]} {[%emt
00:00:09]} Nf6 {[%clk 01:32:56]} {[%emt 00:00:08]} 7. Nc3 {[%clk 01:33:11]}
{[%emt 00:00:08]} O-O {[%clk 01:33:12]} {[%emt 00:00:15]} 8. Be2 {[%clk
01:33:03]} {[%emt 00:00:37]} d6 {[%clk 01:33:25]} {[%emt 00:00:17]} 9. f3
{[%clk 01:33:06]} {[%emt 00:00:27]} Bd7 {[%clk 01:33:08]} {[%emt 00:00:47]} 10.
Qd2 {[%clk 01:33:03]} {[%emt 00:00:33]} Nxd4 {[%clk 01:32:07]} {[%emt
00:01:31]} 11. Bxd4 {[%clk 01:33:13]} {[%emt 00:00:20]} a5 {[%clk 01:31:46]}
{[%emt 00:00:50]} 12. O-O {[%clk 01:29:51]} {[%emt 00:03:53]} Bc6 {[%clk
01:29:00]} {[%emt 00:03:15]} 13. Nd5 {[%clk 01:27:53]} {[%emt 00:02:29]} Nd7
{[%clk 01:27:25]} {[%emt 00:02:04]} 14. Bxg7 {[%clk 01:25:32]} {[%emt
00:02:52]} Kxg7 {[%clk 01:27:50]} {[%emt 00:00:04]} 15. Kh1 {[%clk 01:24:36]}
{[%emt 00:01:28]} Bxd5 {[%clk 01:26:16]} {[%emt 00:02:03]} 16. cxd5 {[%clk
01:21:15]} {[%emt 00:03:51]} Qb6 {[%clk 01:22:01]} {[%emt 00:04:42]} 17. b3
{[%clk 01:19:13]} {[%emt 00:02:35]} Rfc8 {[%clk 01:20:44]} {[%emt 00:01:45]}
18. Rac1 {[%clk 01:12:30]} {[%emt 00:07:15]} Qb4 {[%clk 01:09:40]} {[%emt
00:11:33]} 19. Qe3 {[%clk 01:04:38]} {[%emt 00:08:22]} a4 {[%clk 00:49:58]}
{[%emt 00:20:12]} 20. bxa4 {[%clk 00:59:24]} {[%emt 00:05:45]} Qxa4 {[%clk
00:48:55]} {[%emt 00:01:31]} 21. Rb1 {[%clk 00:56:07]} {[%emt 00:03:49]} Nc5
{[%clk 00:36:27]} {[%emt 00:12:55]} 22. Rb2 {[%clk 00:51:27]} {[%emt 00:05:13]}
Qa7 {[%clk 00:32:54]} {[%emt 00:04:00]} 23. Qc3+ {[%clk 00:46:01]} {[%emt
00:05:59]} Kg8 {[%clk 00:32:46]} {[%emt 00:00:35]} 24. Qb4 {[%clk 00:43:43]}
{[%emt 00:02:51]} Na4 {[%clk 00:27:35]} {[%emt 00:05:41]} 25. Rb3 {[%clk
00:42:33]} {[%emt 00:01:41]} Rc2 {[%clk 00:18:49]} {[%emt 00:09:10]} 26. Bd1
{[%clk 00:35:00]} {[%emt 00:08:07]} Rf2 {[%clk 00:11:53]} {[%emt 00:07:24]} 27.
Qb5 {[%clk 00:27:04]} {[%emt 00:08:30]} Qc5 {[%clk 00:04:40]} {[%emt 00:07:38]}
28. Rxf2 {[%clk 00:20:59]} {[%emt 00:06:39]} Qxf2 {[%clk 00:05:02]} {[%emt
00:00:07]} 29. Qe2 {[%clk 00:21:16]} {[%emt 00:00:12]} Qxe2 {[%clk 00:04:58]}
{[%emt 00:00:35]} 30. Bxe2 {[%clk 00:21:38]} {[%emt 00:00:09]} Nc5 {[%clk
00:05:22]} {[%emt 00:00:07]} 31. Rb2 {[%clk 00:21:53]} {[%emt 00:00:14]} Kg7
{[%clk 00:05:34]} {[%emt 00:00:17]} 32. g3 {[%clk 00:18:30]} {[%emt 00:03:54]}
Kf6 {[%clk 00:05:17]} {[%emt 00:00:42]} 33. Kg2 {[%clk 00:16:02]} {[%emt
00:03:02]} Ke5 {[%clk 00:04:56]} {[%emt 00:00:49]} 34. Rd2 {[%clk 00:14:08]}
{[%emt 00:02:26]} g5 {[%clk 00:03:26]} {[%emt 00:02:00]} 35. h3 {[%clk
00:13:25]} {[%emt 00:01:13]} Ra3 {[%clk 00:02:57]} {[%emt 00:00:59]} 36. Kf2
{[%clk 00:12:30]} {[%emt 00:01:26]} h5 {[%clk 00:02:29]} {[%emt 00:00:58]} 37.
Kg2 {[%clk 00:11:24]} {[%emt 00:01:36]} h4 {[%clk 00:02:16]} {[%emt 00:00:42]}
38. Bc4 {[%clk 00:07:45]} {[%emt 00:04:09]} hxg3 {[%clk 00:02:14]} {[%emt
00:00:32]} 39. Bb3 {[%clk 00:06:34]} {[%emt 00:01:41]} Kf4 {[%clk 00:02:05]}
{[%emt 00:00:41]} 40. Rb2 {[%clk 00:05:56]} {[%emt 00:01:07]} Nd3 {[%clk
00:01:29]} {[%emt 00:01:05]} 41. Rb1 {[%clk 00:05:19]} {[%emt 00:01:08]} Ne5
{[%clk 00:00:46]} {[%emt 00:01:13]} 42. Rd1 {[%clk 00:04:09]} {[%emt 00:01:40]}
Ra5 {[%clk 00:30:22]} {[%emt 00:00:49]} 43. Rc1 {[%clk 00:29:01]} {[%emt
00:05:42]} Rc5 {[%clk 00:29:46]} {[%emt 00:01:06]} 44. Rxc5 {[%clk 00:29:09]}
{[%emt 00:00:23]} dxc5 {[%clk 00:30:09]} {[%emt 00:00:07]} 45. Bd1 {[%clk
00:29:20]} {[%emt 00:00:18]} c4 {[%clk 00:29:47]} {[%emt 00:00:50]} 46. a3
{[%clk 00:27:42]} {[%emt 00:02:12]} c3 {[%clk 00:29:29]} {[%emt 00:00:47]} 47.
a4 {[%clk 00:27:51]} {[%emt 00:00:22]} Nc4 {[%clk 00:28:49]} {[%emt 00:01:09]}
48. Kf1 {[%clk 00:27:05]} {[%emt 00:01:15]} Ne3+ {[%clk 00:28:54]} {[%emt
00:00:26]} 49. Ke2 {[%clk 00:27:19]} {[%emt 00:00:15]} Nxd1 {[%clk 00:29:15]}
{[%emt 00:00:10]} 0-1

[Event "DEM U14w 2023"]
[Site "Willingen GER"]
[Date "2023.05.28"]
[Round "2"]
[White "Neumeier, Valentina"]
[Black "Moldovan, Tatiana"]
[Result "0-1"]
[Termination "normal"]
[Board "3"]
[WhiteElo "1549"]
[BlackElo "1405"]
[WhiteClock "00:19:48"]
[BlackClock "00:53:19"]
[PlyCount "116"]
[WhiteFideId "34608222"]
[BlackFideId "16287398"]
[EventCountry "GER"]
[EventRounds "9"]
[EventType "swiss"]
[EventDate "2023.05.27"]

1. e4 {[%clk 01:30:59]} {[%emt 00:00:02]} c5 {[%clk 01:30:52]} {[%emt
00:00:08]} 2. Nc3 {[%clk 01:31:23]} {[%emt 00:00:06]} e6 {[%clk 01:31:15]}
{[%emt 00:00:07]} 3. g3 {[%clk 01:31:39]} {[%emt 00:00:15]} a6 {[%clk
01:30:38]} {[%emt 00:01:07]} 4. Bg2 {[%clk 01:31:54]} {[%emt 00:00:14]} Nc6
{[%clk 01:30:19]} {[%emt 00:00:49]} 5. f4 {[%clk 01:31:47]} {[%emt 00:00:37]}
d6 {[%clk 01:29:55]} {[%emt 00:00:54]} 6. Nf3 {[%clk 01:31:45]} {[%emt
00:00:32]} Nf6 {[%clk 01:29:06]} {[%emt 00:01:18]} 7. d3 {[%clk 01:31:17]}
{[%emt 00:00:58]} Qc7 {[%clk 01:27:33]} {[%emt 00:02:03]} 8. O-O {[%clk
01:29:46]} {[%emt 00:02:01]} Be7 {[%clk 01:25:42]} {[%emt 00:02:22]} 9. Bd2
{[%clk 01:19:53]} {[%emt 00:10:23]} b5 {[%clk 01:25:31]} {[%emt 00:00:41]} 10.
Rc1 {[%clk 01:09:31]} {[%emt 00:10:52]} Bb7 {[%clk 01:24:49]} {[%emt 00:01:12]}
11. Qe2 {[%clk 01:08:07]} {[%emt 00:01:53]} O-O {[%clk 01:16:54]} {[%emt
00:08:26]} 12. Nd1 {[%clk 01:00:25]} {[%emt 00:08:13]} Nd7 {[%clk 01:11:44]}
{[%emt 00:05:38]} 13. Ne3 {[%clk 00:57:23]} {[%emt 00:03:33]} Bf6 {[%clk
01:09:28]} {[%emt 00:02:46]} 14. c3 {[%clk 00:54:58]} {[%emt 00:02:55]} Qa5
{[%clk 01:02:11]} {[%emt 00:07:46]} 15. a3 {[%clk 00:51:11]} {[%emt 00:04:18]}
Qb6 {[%clk 00:58:38]} {[%emt 00:04:03]} 16. f5 {[%clk 00:48:27]} {[%emt
00:03:15]} Ne7 {[%clk 00:47:28]} {[%emt 00:11:39]} 17. g4 {[%clk 00:43:44]}
{[%emt 00:05:13]} Ne5 {[%clk 00:40:24]} {[%emt 00:07:34]} 18. Nxe5 {[%clk
00:34:24]} {[%emt 00:09:49]} Bxe5 {[%clk 00:39:34]} {[%emt 00:01:20]} 19. g5
{[%clk 00:32:32]} {[%emt 00:02:22]} exf5 {[%clk 00:38:35]} {[%emt 00:01:29]}
20. exf5 {[%clk 00:32:14]} {[%emt 00:00:48]} f6 {[%clk 00:38:08]} {[%emt
00:00:57]} 21. Ng4 {[%clk 00:28:54]} {[%emt 00:03:50]} Rae8 {[%clk 00:37:04]}
{[%emt 00:01:34]} 22. gxf6 {[%clk 00:26:18]} {[%emt 00:03:07]} Nxf5 {[%clk
00:31:54]} {[%emt 00:05:39]} 23. Bxb7 {[%clk 00:23:14]} {[%emt 00:03:34]} Bd4+
{[%clk 00:22:08]} {[%emt 00:10:16]} 24. Be3 {[%clk 00:16:48]} {[%emt 00:06:57]}
Bxe3+ {[%clk 00:22:31]} {[%emt 00:00:07]} 25. Nxe3 {[%clk 00:17:03]} {[%emt
00:00:14]} Nxe3 {[%clk 00:22:40]} {[%emt 00:00:22]} 26. f7+ {[%clk 00:15:30]}
{[%emt 00:02:03]} Rxf7 {[%clk 00:20:38]} {[%emt 00:02:32]} 27. Rxf7 {[%clk
00:15:49]} {[%emt 00:00:11]} Kxf7 {[%clk 00:20:56]} {[%emt 00:00:11]} 28. Qf3+
{[%clk 00:16:09]} {[%emt 00:00:10]} Kg8 {[%clk 00:20:42]} {[%emt 00:00:44]} 29.
Re1 {[%clk 00:16:13]} {[%emt 00:00:26]} Rf8 {[%clk 00:20:39]} {[%emt 00:00:34]}
30. Qxe3 {[%clk 00:15:12]} {[%emt 00:01:31]} Qxb7 {[%clk 00:21:02]} {[%emt
00:00:07]} 31. Qe6+ {[%clk 00:10:50]} {[%emt 00:04:52]} Qf7 {[%clk 00:21:07]}
{[%emt 00:00:14]} 32. Kg2 {[%clk 00:08:50]} {[%emt 00:02:40]} g6 {[%clk
00:20:25]} {[%emt 00:01:12]} 33. Qxf7+ {[%clk 00:08:30]} {[%emt 00:00:50]} Kxf7
{[%clk 00:20:41]} {[%emt 00:00:14]} 34. Kg3 {[%clk 00:08:18]} {[%emt 00:00:44]}
Re8 {[%clk 00:20:54]} {[%emt 00:00:16]} 35. Rxe8 {[%clk 00:06:35]} {[%emt
00:02:12]} Kxe8 {[%clk 00:21:17]} {[%emt 00:00:08]} 36. Kf4 {[%clk 00:06:58]}
{[%emt 00:00:06]} Kf7 {[%clk 00:21:09]} {[%emt 00:00:39]} 37. Ke4 {[%clk
00:06:15]} {[%emt 00:01:12]} Ke6 {[%clk 00:21:19]} {[%emt 00:00:19]} 38. Kf4
{[%clk 00:05:42]} {[%emt 00:01:05]} h6 {[%clk 00:21:17]} {[%emt 00:00:32]} 39.
h4 {[%clk 00:04:15]} {[%emt 00:01:56]} a5 {[%clk 00:20:56]} {[%emt 00:00:52]}
40. Kg4 {[%clk 00:00:44]} {[%emt 00:04:01]} Ke5 {[%clk 00:20:29]} {[%emt
00:00:57]} 41. Kg3 {[%clk 00:00:38]} {[%emt 00:00:36]} Kf5 {[%clk 00:19:47]}
{[%emt 00:01:11]} 42. Kf3 {[%clk 00:00:57]} {[%emt 00:00:11]} g5 {[%clk
00:20:06]} {[%emt 00:00:11]} 43. hxg5 {[%clk 00:00:47]} {[%emt 00:00:41]} hxg5
{[%clk 00:20:28]} {[%emt 00:00:07]} 44. Ke3 {[%clk 00:29:39]} {[%emt 00:01:38]}
g4 {[%clk 00:50:44]} {[%emt 00:00:15]} 45. b3 {[%clk 00:27:59]} {[%emt
00:02:10]} d5 {[%clk 00:50:50]} {[%emt 00:00:24]} 46. c4 {[%clk 00:26:26]}
{[%emt 00:02:03]} d4+ {[%clk 00:50:38]} {[%emt 00:00:41]} 47. Ke2 {[%clk
00:25:34]} {[%emt 00:01:21]} b4 {[%clk 00:50:56]} {[%emt 00:00:14]} 48. axb4
{[%clk 00:24:53]} {[%emt 00:01:10]} axb4 {[%clk 00:51:11]} {[%emt 00:00:15]}
49. Kf1 {[%clk 00:24:29]} {[%emt 00:00:54]} Kf4 {[%clk 00:51:31]} {[%emt
00:00:11]} 50. Kf2 {[%clk 00:24:39]} {[%emt 00:00:20]} g3+ {[%clk 00:51:54]}
{[%emt 00:00:06]} 51. Ke2 {[%clk 00:24:59]} {[%emt 00:00:11]} Kg4 {[%clk
00:52:04]} {[%emt 00:00:20]} 52. Ke1 {[%clk 00:23:43]} {[%emt 00:01:47]} Kf3
{[%clk 00:52:17]} {[%emt 00:00:17]} 53. Kf1 {[%clk 00:24:00]} {[%emt 00:00:12]}
Ke3 {[%clk 00:52:12]} {[%emt 00:00:35]} 54. Kg2 {[%clk 00:24:22]} {[%emt
00:00:09]} Kxd3 {[%clk 00:52:35]} {[%emt 00:00:07]} 55. Kxg3 {[%clk 00:24:47]}
{[%emt 00:00:04]} Kc3 {[%clk 00:52:25]} {[%emt 00:00:40]} 56. Kf3 {[%clk
00:24:20]} {[%emt 00:00:58]} d3 {[%clk 00:52:34]} {[%emt 00:00:21]} 57. Ke3
{[%clk 00:21:44]} {[%emt 00:03:06]} d2 {[%clk 00:52:55]} {[%emt 00:00:08]} 58.
Ke2 {[%clk 00:19:48]} {[%emt 00:02:27]} Kc2 {[%clk 00:53:19]} {[%emt 00:00:06]}
0-1

[Event "DEM U14w 2023"]
[Site "Willingen GER"]
[Date "2023.05.28"]
[Round "2"]
[White "Moldovan, Stela"]
[Black "Trunz, Tamila"]
[Result "0-1"]
[Termination "normal"]
[Board "4"]
[WhiteElo "1335"]
[BlackElo "1697"]
[WhiteClock "00:33:34"]
[BlackClock "00:29:30"]
[PlyCount "106"]
[WhiteFideId "16287380"]
[BlackFideId "16267885"]
[EventCountry "GER"]
[EventRounds "9"]
[EventType "swiss"]
[EventDate "2023.05.27"]

1. d4 {[%clk 01:30:55]} {[%emt 00:00:05]} Nf6 {[%clk 01:30:55]} {[%emt
00:00:06]} 2. Nf3 {[%clk 01:31:18]} {[%emt 00:00:07]} b6 {[%clk 01:31:17]}
{[%emt 00:00:07]} 3. e3 {[%clk 01:31:12]} {[%emt 00:00:36]} Bb7 {[%clk
01:30:18]} {[%emt 00:01:29]} 4. Nbd2 {[%clk 01:31:19]} {[%emt 00:00:22]} d6
{[%clk 01:28:05]} {[%emt 00:02:44]} 5. b3 {[%clk 01:31:20]} {[%emt 00:00:29]}
Nbd7 {[%clk 01:25:03]} {[%emt 00:03:31]} 6. Bb2 {[%clk 01:27:17]} {[%emt
00:04:34]} e6 {[%clk 01:18:16]} {[%emt 00:07:18]} 7. c4 {[%clk 01:21:27]}
{[%emt 00:06:19]} Be7 {[%clk 01:17:51]} {[%emt 00:00:55]} 8. Qc2 {[%clk
01:16:14]} {[%emt 00:05:43]} c5 {[%clk 01:16:53]} {[%emt 00:01:29]} 9. Bd3
{[%clk 01:14:29]} {[%emt 00:02:14]} cxd4 {[%clk 01:14:53]} {[%emt 00:02:31]}
10. exd4 {[%clk 01:11:10]} {[%emt 00:03:49]} Rc8 {[%clk 01:06:45]} {[%emt
00:08:38]} 11. Qb1 {[%clk 01:02:23]} {[%emt 00:09:16]} Qc7 {[%clk 01:00:10]}
{[%emt 00:07:06]} 12. O-O {[%clk 00:58:30]} {[%emt 00:04:22]} O-O {[%clk
00:58:22]} {[%emt 00:02:18]} 13. Re1 {[%clk 00:49:57]} {[%emt 00:09:03]} h6
{[%clk 00:58:04]} {[%emt 00:00:48]} 14. d5 {[%clk 00:49:41]} {[%emt 00:00:46]}
Nc5 {[%clk 00:55:27]} {[%emt 00:03:07]} 15. dxe6 {[%clk 00:49:16]} {[%emt
00:00:55]} fxe6 {[%clk 00:48:04]} {[%emt 00:07:52]} 16. Bg6 {[%clk 00:40:30]}
{[%emt 00:09:16]} e5 {[%clk 00:46:00]} {[%emt 00:02:34]} 17. Ba3 {[%clk
00:38:08]} {[%emt 00:02:53]} Rcd8 {[%clk 00:42:23]} {[%emt 00:04:07]} 18. Qc2
{[%clk 00:36:50]} {[%emt 00:01:42]} Ne6 {[%clk 00:39:54]} {[%emt 00:03:06]} 19.
Rad1 {[%clk 00:33:25]} {[%emt 00:03:53]} Nf4 {[%clk 00:37:17]} {[%emt
00:03:07]} 20. Be4 {[%clk 00:33:12]} {[%emt 00:00:36]} Nxe4 {[%clk 00:37:23]}
{[%emt 00:00:31]} 21. Nxe4 {[%clk 00:32:48]} {[%emt 00:00:55]} b5 {[%clk
00:25:57]} {[%emt 00:11:56]} 22. Ned2 {[%clk 00:30:42]} {[%emt 00:02:35]} Qd7
{[%clk 00:25:27]} {[%emt 00:01:01]} 23. cxb5 {[%clk 00:26:37]} {[%emt
00:04:35]} Qg4 {[%clk 00:25:11]} {[%emt 00:00:45]} 24. Qc4+ {[%clk 00:24:23]}
{[%emt 00:02:43]} d5 {[%clk 00:22:17]} {[%emt 00:03:27]} 25. Qf1 {[%clk
00:23:47]} {[%emt 00:01:04]} Bxa3 {[%clk 00:22:30]} {[%emt 00:00:18]} 26. Nxe5
{[%clk 00:23:52]} {[%emt 00:00:24]} Qg5 {[%clk 00:18:40]} {[%emt 00:04:20]} 27.
Ndf3 {[%clk 00:23:51]} {[%emt 00:00:31]} Qf6 {[%clk 00:18:58]} {[%emt
00:00:11]} 28. Nd4 {[%clk 00:21:58]} {[%emt 00:02:25]} Rde8 {[%clk 00:17:18]}
{[%emt 00:02:10]} 29. Nd7 {[%clk 00:21:37]} {[%emt 00:00:51]} Qg6 {[%clk
00:14:16]} {[%emt 00:03:32]} 30. Nxf8 {[%clk 00:21:27]} {[%emt 00:00:40]} Rxf8
{[%clk 00:14:40]} {[%emt 00:00:06]} 31. Re3 {[%clk 00:18:42]} {[%emt 00:03:13]}
Bc5 {[%clk 00:13:32]} {[%emt 00:01:40]} 32. Rf3 {[%clk 00:16:54]} {[%emt
00:02:13]} Bc8 {[%clk 00:11:30]} {[%emt 00:02:36]} 33. Rg3 {[%clk 00:15:26]}
{[%emt 00:01:57]} Qh5 {[%clk 00:10:21]} {[%emt 00:01:42]} 34. Kh1 {[%clk
00:14:16]} {[%emt 00:01:38]} Bxd4 {[%clk 00:09:53]} {[%emt 00:00:59]} 35. Rxd4
{[%clk 00:11:36]} {[%emt 00:03:10]} Ne2 {[%clk 00:10:00]} {[%emt 00:00:22]} 36.
Rdd3 {[%clk 00:07:16]} {[%emt 00:04:47]} Nxg3+ {[%clk 00:08:32]} {[%emt
00:02:01]} 37. Rxg3 {[%clk 00:07:45]} {[%emt 00:00:02]} Bg4 {[%clk 00:05:28]}
{[%emt 00:03:34]} 38. h3 {[%clk 00:07:19]} {[%emt 00:00:56]} Be2 {[%clk
00:05:06]} {[%emt 00:00:52]} 39. Qa1 {[%clk 00:07:18]} {[%emt 00:00:25]} Rf7
{[%clk 00:04:23]} {[%emt 00:01:18]} 40. a4 {[%clk 00:06:58]} {[%emt 00:00:50]}
Qf5 {[%clk 00:04:20]} {[%emt 00:00:34]} 41. f3 {[%clk 00:06:46]} {[%emt
00:00:40]} Re7 {[%clk 00:01:28]} {[%emt 00:03:23]} 42. Qc1 {[%clk 00:06:11]}
{[%emt 00:00:57]} Kh7 {[%clk 00:30:02]} {[%emt 00:02:05]} 43. Qc5 {[%clk
00:36:02]} {[%emt 00:00:32]} Rd7 {[%clk 00:29:43]} {[%emt 00:00:56]} 44. Qc6
{[%clk 00:35:36]} {[%emt 00:00:46]} d4 {[%clk 00:29:29]} {[%emt 00:00:54]} 45.
f4 {[%clk 00:32:42]} {[%emt 00:03:24]} d3 {[%clk 00:29:09]} {[%emt 00:00:50]}
46. b6 {[%clk 00:31:49]} {[%emt 00:01:23]} axb6 {[%clk 00:29:07]} {[%emt
00:00:31]} 47. Qxb6 {[%clk 00:31:46]} {[%emt 00:00:34]} d2 {[%clk 00:29:15]}
{[%emt 00:00:22]} 48. a5 {[%clk 00:32:06]} {[%emt 00:00:10]} d1=Q+ {[%clk
00:29:30]} {[%emt 00:00:15]} 49. Kh2 {[%clk 00:32:34]} {[%emt 00:00:01]} Qd6
{[%clk 00:28:34]} {[%emt 00:01:27]} 50. Qf2 {[%clk 00:32:36]} {[%emt 00:00:27]}
Qfxf4 {[%clk 00:28:34]} {[%emt 00:00:31]} 51. Qxe2 {[%clk 00:32:43]} {[%emt
00:00:24]} Qxg3+ {[%clk 00:28:52]} {[%emt 00:00:11]} 52. Kg1 {[%clk 00:33:08]}
{[%emt 00:00:05]} Qd1+ {[%clk 00:29:09]} {[%emt 00:00:13]} 53. Qxd1 {[%clk
00:33:34]} {[%emt 00:00:04]} Rxd1# {[%clk 00:29:30]} {[%emt 00:00:09]} 0-1

[Event "DEM U14w 2023"]
[Site "Willingen GER"]
[Date "2023.05.28"]
[Round "2"]
[White "Lorenz, Veronika"]
[Black "Dodul, Alice"]
[Result "1-0"]
[Termination "normal"]
[Board "5"]
[WhiteElo "1584"]
[BlackElo "1430"]
[WhiteClock "00:59:31"]
[BlackClock "01:07:25"]
[PlyCount "35"]
[WhiteFideId "16277406"]
[BlackFideId "34623817"]
[EventCountry "GER"]
[EventRounds "9"]
[EventType "swiss"]
[EventDate "2023.05.27"]

1. e4 {[%clk 01:30:58]} {[%emt 00:00:02]} e5 {[%clk 01:30:54]} {[%emt
00:00:07]} 2. Nf3 {[%clk 01:31:28]} Nc6 {[%clk 01:31:16]} {[%emt 00:00:08]} 3.
Bb5 {[%clk 01:31:56]} {[%emt 00:00:01]} f5 {[%clk 01:31:25]} {[%emt 00:00:22]}
4. d3 {[%clk 01:32:21]} {[%emt 00:00:05]} fxe4 {[%clk 01:31:40]} {[%emt
00:00:14]} 5. dxe4 {[%clk 01:32:50]} {[%emt 00:00:01]} Bc5 {[%clk 01:31:25]}
{[%emt 00:00:45]} 6. O-O {[%clk 01:33:10]} {[%emt 00:00:11]} d6 {[%clk
01:31:31]} {[%emt 00:00:24]} 7. Nc3 {[%clk 01:16:35]} {[%emt 00:17:05]} Nf6
{[%clk 01:30:40]} {[%emt 00:01:20]} 8. Bg5 {[%clk 01:16:46]} {[%emt 00:00:17]}
Be6 {[%clk 01:29:59]} {[%emt 00:01:13]} 9. Nd5 {[%clk 01:13:58]} {[%emt
00:03:18]} h6 {[%clk 01:29:15]} {[%emt 00:01:14]} 10. Bxf6 {[%clk 01:13:42]}
{[%emt 00:00:47]} gxf6 {[%clk 01:29:13]} {[%emt 00:00:32]} 11. Nh4 {[%clk
01:13:21]} {[%emt 00:00:50]} a6 {[%clk 01:25:07]} {[%emt 00:04:37]} 12. Bc4
{[%clk 01:13:13]} {[%emt 00:00:34]} Bxd5 {[%clk 01:20:32]} {[%emt 00:05:09]}
13. Bxd5 {[%clk 01:13:14]} {[%emt 00:00:29]} Rh7 {[%clk 01:10:51]} {[%emt
00:10:11]} 14. Qh5+ {[%clk 01:01:38]} {[%emt 00:12:06]} Ke7 {[%clk 01:10:24]}
{[%emt 00:00:57]} 15. Qf5 {[%clk 00:59:11]} {[%emt 00:02:52]} Rg7 {[%clk
01:07:14]} {[%emt 00:03:45]} 16. Qe6+ {[%clk 00:58:42]} {[%emt 00:00:59]} Kf8
{[%clk 01:07:29]} {[%emt 00:00:15]} 17. Ng6+ {[%clk 00:59:05]} {[%emt
00:00:07]} Rxg6 {[%clk 01:07:25]} {[%emt 00:00:34]} 18. Qf7# {[%clk 00:59:31]}
{[%emt 00:00:03]} 1-0